[Event "SV Heiden 1 - SK Münster 4"]
[Site "Verbandsliga 2015/2016"]
[Date "2016.05.21"]
[Round "9.5"]
[White "Voß, Norbert"]
[Black "Vestrick, Frank"]
[Result "0-1"]
[WhiteElo "1823"]
[BlackElo "1781"]
[PlyCount "74"]
[EventDate "2016.??.??"]
[SourceDate "2015.09.20"]

1. c4 Nf6 2. g3 g6 3. Bg2 Bg7 4. Nc3 d6 5. e4 O-O 6. Nge2 e5 7. O-O Nc6 8. d3
Ne7 9. h3 c6 10. Be3 h6 11. Kh2 Nd7 12. Qd2 Kh7 13. Rad1 f5 14. f4 Qc7 15. d4
Rf6 16. dxe5 dxe5 17. exf5 gxf5 18. b3 Ng6 19. fxe5 Ndxe5 20. Nf4 Bf8 21. Bd4
Bd6 22. Nce2 b6 23. Qe3 Bb7 24. c5 bxc5 25. Bxc5 Re8 26. Bxd6 Rxd6 27. Qc5 Rxd1
28. Rxd1 Qf7 29. Rd2 Rg8 30. Qe3 Re8 31. Qxa7 Ra8 32. Qd4 c5 33. Qxc5 Bxg2 34.
Kxg2 Rg8 35. Nxg6 Nxg6 36. Qd5 Qf6 37. Qf3 Nh4+ 0-1

[Event "SV Heiden 1 - SK Münster 4"]
[Site "Verbandsliga 2015/2016"]
[Date "2016.05.21"]
[Round "9.6"]
[White "Wetter, Ralf"]
[Black "Börger, Andreas"]
[Result "1-0"]
[WhiteElo "1884"]
[BlackElo "1782"]
[PlyCount "79"]
[EventDate "2016.??.??"]
[SourceDate "2015.09.20"]

1. Nf3 Nf6 2. g3 g6 3. Bg2 Bg7 4. O-O c5 5. d3 Nc6 6. Nbd2 d6 7. e4 O-O 8. h3
Rb8 9. Nh4 e5 10. a4 Nh5 11. Nc4 Be6 12. Kh2 d5 13. Ne3 d4 14. Nef5 Bf6 15.
Nh6+ Kh8 16. Nf3 Bg7 17. Ng1 Qe7 18. Bf3 Nf6 19. Bg2 Ng8 20. Nxg8 Kxg8 21. f4
f5 22. Qe2 Rbe8 23. Nf3 fxe4 24. dxe4 Kh8 25. Ng5 Bg8 26. h4 h6 27. h5 exf4 28.
gxf4 hxg5 29. hxg6 g4 30. Qxg4 Bh6 31. Rh1 Kg7 32. Kg1 Qf6 33. Rxh6 Kxh6 34.
f5+ Kg7 35. Qh5 Qxf5 36. Bh6+ Kf6 37. Qxf5+ Ke7 38. Qxc5+ Kd7 39. Bxf8 Re6 40.
Bh3 1-0

[Event "SV Heiden 1 - SK Münster 4"]
[Site "Verbandsliga 2015/2016"]
[Date "2016.05.21"]
[Round "9.7"]
[White "Schöpper, Oliver"]
[Black "Niewerth, Gerd"]
[Result "1/2-1/2"]
[WhiteElo "1818"]
[BlackElo "1766"]
[PlyCount "33"]
[EventDate "2016.??.??"]
[SourceDate "2015.09.20"]

1. d4 Nf6 2. c4 g6 3. Nc3 Bg7 4. g3 O-O 5. Bg2 d6 6. Nf3 Nbd7 7. O-O c6 8. e4
e5 9. h3 Qe7 10. Be3 Re8 11. Re1 h6 12. Qd2 Kh7 13. Rad1 Ng8 14. b4 a5 15. b5
Ndf6 16. a4 Bd7 17. d5 1/2-1/2

[Event "SV Heiden 1 - SK Münster 4"]
[Site "Verbandsliga 2015/2016"]
[Date "2016.05.21"]
[Round "9.8"]
[White "Wichert, Michael"]
[Black "Voß, Andreas"]
[Result "0-1"]
[WhiteElo "1638"]
[BlackElo "1784"]
[PlyCount "60"]
[EventDate "2016.??.??"]
[SourceDate "2015.09.20"]

1. e4 d5 2. exd5 Nf6 3. Nf3 Nxd5 4. d4 Bg4 5. Be2 Nc6 6. O-O e6 7. c4 Nb6 8. b3
Be7 9. a4 a5 10. Ba3 O-O 11. Nbd2 Bf5 12. c5 Nd5 13. Bb2 Ndb4 14. Rc1 Nd3 15.
Bxd3 Bxd3 16. Re1 Bf5 17. Nc4 Nb4 18. Rc3 h6 19. Qe2 Nd5 20. Ne3 Nxc3 21. Bxc3
Be4 22. Ng4 Bd5 23. Qc2 b6 24. Re5 Bf6 25. Rh5 Bxf3 26. Nxh6+ gxh6 27. Rxh6 Re8
28. d5 Bxc3 29. Qxc3 e5 30. Qxf3 Qg5 0-1